000 01310cam a22001934a 4500
005 20250605164054.0
008 250528s ||||||||||||||||||||||||d
035 _a17377
020 _a134624580
040 _aGR-AtMCL
_bgre
_dGR-AtMCL
_eAACR2
245 1 _aIndustrial Organization
260 _bPrentice Hall,
_c1989
300 _a386
520 _aThis text will guide the student to understanding why ''real world'' markets are organized as they are and why they behave as they do. Preface, An Introduction to Industrial Organization, The Market, The Firm, Industrial Organization, Market Structure, Economies of Scale and Barriers to Entry, Market Concentration, Product Differentiation, Market Structure and Performance, Market Strategy, Oligopoly Pricing: The Theory, Oligopoly Pricing: Mechanisms of Cooperation, Pricing Independence in Monopoly and Oligopoly, Competition in Selling Efforts: Advertising and Related Market Behavior, Competition in Product Efforts: Innovation and Related Market Behavior, The Managerial Firm: Organization and Strategy, The Dynamics of Structure and Strategy, Antitrust Policy, Maintaining Competition: The Sherman Act, Protecting Competition: The Clayton Act, Index.
700 1 _aBurgess H. Giles Jr
_93534
942 _cBK
999 _c2800
_d2800